[Event "POL-chT Academic"]
[Site "Chorzow"]
[Date "2022.04.03"]
[Round "6.18"]
[White "Rudnik, Anna"]
[Black "Binkowska, Agata"]
[Result "1-0"]
[WhiteElo "1804"]
[BlackElo "1784"]
[PlyCount "89"]
[EventDate "2022.04.02"]
[EventType "team-swiss (rapid)"]
[EventRounds "9"]
[EventCountry "POL"]
[SourceTitle "EXT 2024"]
[Source "ChessBase"]
[SourceDate "2023.10.10"]
[SourceVersion "1"]
[SourceVersionDate "2023.10.10"]
[SourceQuality "1"]

1. e4 c5 2. Nf3 e6 3. c3 d5 4. exd5 Qxd5 5. Bb5+ Bd7 6. Qe2 Nc6 7. 0-0 Nf6 8. Rd1 a6 9. Bc4 Qh5 10. a4 Bd6 11. h3 g5 12. Nh2 Qg6 13. d4 cxd4 14. cxd4 0-0 15. Bd3 Qg7 16. Be3 Nd5 17. Nc3 Nf4 18. Bxf4 Bxf4 19. d5 Nd4 20. Qe4 f5 21. Qe1 Bxh2+ 22. Kxh2 e5 23. Ne2 Nb3 24. Ra3 Nc5 25. Bc4 Kh8 26. Nc3 b6 27. b4 Nb7 28. d6 Rac8 29. Bxa6 Rb8 30. Bb5 e4 31. Qe2 Nd8 32. Nd5 Ne6 33. Bxd7 Qxd7 34. Qb2+ Ng7 35. Ne3 f4 36. Ng4 Rbd8 37. Rc3 h5 38. Rc7 hxg4 39. Rxd7 Rxd7 40. hxg4 Kh7 41. Qc2 Re8 42. Qc6 Red8 43. Qxe4+ Kg8 44. Qd5+ Kf8 45. Qxg5 1-0

[Event "POL-chT Academic"]
[Site "Chorzow"]
[Date "2022.04.02"]
[Round "5.24"]
[White "Binkowska, Agata"]
[Black "Olechnicka, Karolina"]
[Result "1-0"]
[WhiteElo "1784"]
[BlackElo "1740"]
[PlyCount "45"]
[EventDate "2022.04.02"]
[EventType "team-swiss (rapid)"]
[EventRounds "9"]
[EventCountry "POL"]
[SourceTitle "EXT 2024"]
[Source "ChessBase"]
[SourceDate "2023.10.10"]
[SourceVersion "1"]
[SourceVersionDate "2023.10.10"]
[SourceQuality "1"]

1. e4 c5 2. Nf3 d6 3. d4 cxd4 4. Nxd4 Nf6 5. Nc3 a6 6. Bg5 Nbd7 7. Bd3 e6 8. f4 Be7 9. Qf3 Qc7 10. 0-0-0 b5 11. Rhe1 Bb7 12. Qg3 Rc8 13. Nd5 Bxd5 14. exd5 Nxd5 15. Bxe7 Nxe7 16. Qxg7 Rg8 17. Qxh7 Nc5 18. g3 Nxd3+ 19. Qxd3 Nd5 20. Rd2 Kd7 21. f5 e5 22. Nxb5 axb5 23. Qxd5 1-0

[Event "POL-ch Academic (Women)"]
[Site "Chorzow"]
[Date "2022.04.02"]
[Round "8"]
[White "Dwilewicz, Agata"]
[Black "Binkowska, Agata"]
[Result "1-0"]
[WhiteElo "1715"]
[BlackElo "1784"]
[PlyCount "99"]
[EventDate "2022.04.01"]
[EventType "swiss (rapid)"]
[EventRounds "9"]
[EventCountry "POL"]
[SourceTitle "EXT 2024"]
[Source "ChessBase"]
[SourceDate "2023.10.10"]
[SourceVersion "1"]
[SourceVersionDate "2023.10.10"]
[SourceQuality "1"]

1. d4 d5 2. Nf3 Nf6 3. g3 Bf5 4. Bg2 e6 5. 0-0 c6 6. Bf4 Nbd7 7. Nbd2 Be7 8. c4 0-0 9. Qb3 Qb6 10. c5 Qa6 11. Rfe1 b6 12. cxb6 axb6 13. a3 Rac8 14. Bf1 Qa7 15. Nh4 Bg6 16. Nxg6 hxg6 17. Rac1 c5 18. dxc5 bxc5 19. e4 d4 20. Nc4 Nh5 21. Bd2 Rb8 22. Qc2 Nb6 23. e5 Nd5 24. Qe4 g5 25. Bd3 g6 26. h4 gxh4 27. gxh4 Rfc8 28. Kh2 Nb6 29. Rg1 Kf8 30. Bh6+ Ke8 31. Nd6+ Bxd6 32. exd6 Qd7 33. Qe5 f6 34. Bxg6+ Kd8 35. Qxh5 Qxd6+ 36. f4 Nd5 37. Qf3 Rxb2+ 38. Rc2 Rcb8 39. Bd3 Rxc2+ 40. Bxc2 Rb2 41. Rg8+ Kd7 42. Rg7+ Kd8 43. Rg8+ Kd7 44. Rg2 Kc7 45. Bd3 Rb3 46. a4 Nb4 47. Rg7+ Kd8 48. Rg8+ Ke7 49. Qb7+ Qd7 50. Rg7+ 1-0

[Event "POL-chT Academic"]
[Site "Chorzow"]
[Date "2021.05.15"]
[Round "3.24"]
[White "Kopica, Paulina"]
[Black "Binkowska, Agata"]
[Result "1-0"]
[WhiteElo "1890"]
[BlackElo "1828"]
[PlyCount "117"]
[EventDate "2021.05.15"]
[EventType "team-swiss (rapid)"]
[EventRounds "9"]
[EventCountry "POL"]
[SourceTitle "CBM 202 Extra"]
[Source "ChessBase"]
[SourceDate "2021.07.31"]
[SourceVersion "1"]
[SourceVersionDate "2021.07.31"]
[SourceQuality "1"]
[WhiteTeam "Wroclaw Politechnik"]
[BlackTeam "Katowice Slaski Univ"]
[WhiteTeamCountry "POL"]
[BlackTeamCountry "POL"]

1. e4 c5 2. Nf3 e6 3. c3 d5 4. e5 Nc6 5. d4 Qb6 6. a3 Bd7 7. b4 cxd4 8. cxd4 Rc8 9. Be3 Nge7 10. Bd3 Ng6 11. 0-0 Be7 12. Nbd2 0-0 13. Nb3 f5 14. exf6 Bxf6 15. Bxg6 hxg6 16. Nc5 Qc7 17. Rc1 b6 18. Nd3 Qd8 19. Nde5 Ne7 20. Qd3 Qe8 21. Rxc8 Bxc8 22. Rc1 Nf5 23. Bf4 Bd7 24. Rc7 Bb5 25. Qc3 a6 26. h3 Nd6 27. Qc1 Ne4 28. Rb7 g5 29. Nxg5 Bxg5 30. Bxg5 Rxf2 31. Qc7 Rf1+ 32. Kh2 Qf8 33. Rb8 Be8 34. Ng6 Qf7 35. Qxf7+ Kxf7 36. Ne5+ Kf8 37. Bh4 Nf6 38. Rxb6 Bb5 39. Rxe6 Ra1 40. Bxf6 gxf6 41. Rxf6+ Kg7 42. Rf7+ Kh6 43. Rf3 Rd1 44. g4 Rxd4 45. Kg3 Re4 46. Nf7+ Kg7 47. Nd6 Re1 48. h4 Rg1+ 49. Kf4 Rh1 50. h5 Re1 51. Kg5 Be8 52. h6+ Kg8 53. Nxe8 Rxe8 54. Kg6 Re6+ 55. Kh5 d4 56. g5 Re3 57. Rf6 d3 58. Kg6 Re8 59. Rd6 1-0

[Event "POL-chT Academic"]
[Site "Katowice"]
[Date "2020.11.15"]
[Round "7.4"]
[White "Binkowska, Agata"]
[Black "Kowalec, Maciej"]
[Result "1-0"]
[WhiteElo "1828"]
[BlackElo "2109"]
[PlyCount "59"]
[EventDate "2020.11.14"]
[EventType "team-swiss (rapid)"]
[EventRounds "9"]
[EventCountry "POL"]
[SourceTitle "CBM 199 Extra"]
[Source "ChessBase"]
[SourceDate "2021.01.31"]
[SourceVersion "1"]
[SourceVersionDate "2021.01.31"]
[SourceQuality "1"]
[WhiteTeam "Katowice Slaski Univ"]
[BlackTeam "Warszawa Kozminskiego Akad"]
[WhiteTeamCountry "POL"]
[BlackTeamCountry "POL"]

1. e4 e6 2. d4 d5 3. e5 c5 4. c3 Qb6 5. Nf3 Nc6 6. Bd3 cxd4 7. cxd4 Bd7 8. 0-0 Nxd4 9. Nxd4 Qxd4 10. Qe2 a6 11. Kh1 Qb6 12. f4 g6 13. Nc3 Bc5 14. a4 Ne7 15. a5 Qc7 16. Bd2 Nc6 17. Na4 Nd4 18. Qd1 Bxa4 19. Rxa4 Nc6 20. b4 Be7 21. Qc2 Qd7 22. b5 axb5 23. Bxb5 0-0 24. a6 Rfc8 25. Rc1 bxa6 26. Bxc6 Qa7 27. Qd3 Rab8 28. Raa1 Rb2 29. Be3 Qb8 30. Qxa6 1-0

[Event "POL-ch Academic (Women)"]
[Site "Katowice"]
[Date "2020.11.14"]
[Round "6"]
[White "Kiolbasa, Oliwia"]
[Black "Binkowska, Agata"]
[Result "1/2-1/2"]
[WhiteElo "2260"]
[BlackElo "1828"]
[PlyCount "115"]
[EventDate "2020.11.13"]
[EventType "swiss (rapid)"]
[EventRounds "9"]
[EventCountry "POL"]
[SourceTitle "CBM 199 Extra"]
[Source "ChessBase"]
[SourceDate "2021.01.31"]
[SourceVersion "1"]
[SourceVersionDate "2021.01.31"]
[SourceQuality "1"]

1. e4 c5 2. Nf3 e6 3. d4 cxd4 4. Nxd4 a6 5. Bd3 Qc7 6. Qe2 Nc6 7. Nxc6 Qxc6 8. 0-0 b5 9. a4 Bb7 10. axb5 axb5 11. Rxa8+ Bxa8 12. Nc3 b4 13. Bb5 Qb7 14. Rd1 Nf6 15. Bg5 bxc3 16. Bxf6 gxf6 17. Qd3 Be7 18. Bxd7+ Kf8 19. Qxc3 Qxe4 20. f3 Qe5 21. Qd2 Qg5 22. Qe2 Rg8 23. c3 Bd5 24. b4 Qh5 25. Kf1 Qxh2 26. Qf2 Bc4+ 27. Ke1 Qe5+ 28. Kd2 Qf5 29. Kc1 Qg5+ 30. Rd2 Qe5 31. Kc2 f5 32. Ba4 Bf6 33. Qd4 Qxd4 34. cxd4 Ke7 35. b5 Rb8 36. Kc3 Bd5 37. Kb4 Kd6 38. Ka5 Bd8+ 39. Kb4 Bb6 40. Rd1 Rc8 41. Bb3 Bxb3 42. Kxb3 Kd5 43. Rh1 Bxd4 44. Rxh7 Rc7 45. Kb4 Rb7 46. g4 fxg4 47. fxg4 Be3 48. Rg7 Bd2+ 49. Ka4 Kc5 50. g5 Ra7+ 51. Kb3 Kb6 52. g6 fxg6 53. Rxg6 Re7 54. Kc4 Be3 55. Kb4 Bc5+ 56. Kc4 Re8 57. Rh6 Be3 58. Rg6 1/2-1/2

[Event "POL-ch Academic (Women)"]
[Site "Katowice"]
[Date "2020.11.14"]
[Round "9"]
[White "Parol, Pola"]
[Black "Binkowska, Agata"]
[Result "1/2-1/2"]
[WhiteElo "2069"]
[BlackElo "1828"]
[PlyCount "121"]
[EventDate "2020.11.13"]
[EventType "swiss (rapid)"]
[EventRounds "9"]
[EventCountry "POL"]
[SourceTitle "CBM 199 Extra"]
[Source "ChessBase"]
[SourceDate "2021.01.31"]
[SourceVersion "1"]
[SourceVersionDate "2021.01.31"]
[SourceQuality "1"]

1. e4 c5 2. Nf3 e6 3. d4 cxd4 4. Nxd4 a6 5. c4 Qc7 6. Nc3 b6 7. Be2 Bb7 8. 0-0 Nf6 9. f3 Bd6 10. Kh1 Bxh2 11. f4 Bg3 12. Qd3 Bh4 13. Qh3 Nxe4 14. Nxe4 Be7 15. Bd3 Ra7 16. Qg3 g6 17. b3 f5 18. Ng5 Bf6 19. Bb2 Ke7 20. Rad1 h6 21. Nh3 Rg8 22. Rfe1 Kf7 23. Be2 Nc6 24. Nxc6 Bxc6 25. Bxf6 Kxf6 26. Qc3+ Kf7 27. Qe5 Qxe5 28. fxe5 b5 29. Bf3 Bxf3 30. gxf3 g5 31. Rg1 Rc8 32. Rd4 Rac7 33. Rgd1 Ke7 34. Nf2 bxc4 35. bxc4 Rb8 36. R1d2 Rb4 37. Rd6 Rbxc4 38. Rxa6 Rc1+ 39. Kg2 h5 40. Rad6 g4 41. fxg4 fxg4 42. R6d4 Ra1 43. Nd3 Ra7 44. Nb4 Re1 45. Nd3 Ra1 46. Nc5 R1xa2 47. Rxa2 Rxa2+ 48. Kg3 Ra7 49. Kh4 Rc7 50. Ne4 Ra7 51. Kxh5 Ra5 52. Kxg4 Rxe5 53. Kf4 Rf5+ 54. Ke3 d5 55. Nd2 Rf8 56. Rh4 Kd6 57. Rh6 Ra8 58. Kd4 Ra4+ 59. Ke3 Ra3+ 60. Kd4 Ra4+ 61. Ke3 1/2-1/2

[Event "POL-ch Academic (Women)"]
[Site "Katowice"]
[Date "2020.11.13"]
[Round "4"]
[White "Binkowska, Agata"]
[Black "Cieslak, Wiktoria"]
[Result "1/2-1/2"]
[WhiteElo "1828"]
[BlackElo "2008"]
[PlyCount "133"]
[EventDate "2020.11.13"]
[EventType "swiss (rapid)"]
[EventRounds "9"]
[EventCountry "POL"]
[SourceTitle "CBM 199 Extra"]
[Source "ChessBase"]
[SourceDate "2021.01.31"]
[SourceVersion "1"]
[SourceVersionDate "2021.01.31"]
[SourceQuality "1"]

1. e4 c5 2. Nf3 d6 3. d4 cxd4 4. Nxd4 Nf6 5. Nc3 a6 6. Bg5 Nbd7 7. f4 Qc7 8. Bd3 h6 9. Bh4 Qb6 10. Nb3 Qe3+ 11. Qe2 Qxf4 12. Bg3 Qg4 13. Qf2 e6 14. Be2 Qg6 15. 0-0-0 Ne5 16. Bxe5 dxe5 17. Qb6 Be7 18. Qc7 Nd7 19. Bf3 Bd8 20. Qd6 Qg5+ 21. Rd2 Qe7 22. Rhd1 Qxd6 23. Rxd6 Bc7 24. R6d3 Ke7 25. Bh5 g6 26. Bf3 Rd8 27. Na4 b6 28. c4 Bb7 29. Nc3 Bc6 30. a3 Nf6 31. Rxd8 Rxd8 32. Rxd8 Bxd8 33. Kd2 Kd6 34. Ke3 Nd7 35. Kd3 b5 36. cxb5 axb5 37. Nd2 Nc5+ 38. Ke2 Bg5 39. g3 f5 40. b4 Nd7 41. Nb3 Nb6 42. exf5 Bxf3+ 43. Kxf3 exf5 44. Nxb5+ Kc6 45. Nc3 Nc4 46. a4 Nd2+ 47. Nxd2 Bxd2 48. b5+ Kb6 49. Nd5+ Ka5 50. b6 Ka6 51. Ne7 Kxb6 52. Nxg6 e4+ 53. Ke2 Bg5 54. Ne5 Ka5 55. h4 Bf6 56. Nd7 Bd4 57. Nf8 Kxa4 58. Ng6 Bf6 59. Ke3 Bd8 60. g4 fxg4 61. Kxe4 Kb4 62. h5 Bc7 63. Nh4 g3 64. Kf3 Kc5 65. Nf5 Bf4 66. Nxh6 Bxh6 67. Kxg3 1/2-1/2

[Event "POL-ch Academic (Women)"]
[Site "Katowice"]
[Date "2020.11.13"]
[Round "3"]
[White "Kubicka, Anna"]
[Black "Binkowska, Agata"]
[Result "0-1"]
[WhiteElo "2256"]
[BlackElo "1828"]
[PlyCount "157"]
[EventDate "2020.11.13"]
[EventType "swiss (rapid)"]
[EventRounds "9"]
[EventCountry "POL"]
[SourceTitle "CBM 199 Extra"]
[Source "ChessBase"]
[SourceDate "2021.01.31"]
[SourceVersion "1"]
[SourceVersionDate "2021.01.31"]
[SourceQuality "1"]

1. e4 c5 2. Ne2 e6 3. g3 g6 4. Bg2 Bg7 5. 0-0 Nc6 6. c3 Nge7 7. d4 cxd4 8. cxd4 d5 9. e5 0-0 10. Nbc3 a6 11. Be3 f6 12. exf6 Bxf6 13. Qd2 Nf5 14. Rad1 Nce7 15. Bg5 Bxg5 16. Qxg5 Nc6 17. Qd2 b5 18. b3 Bd7 19. Rfe1 Qf6 20. f4 Rac8 21. Bh3 Rfe8 22. Bxf5 exf5 23. Nxd5 Qd6 24. Nb6 Rcd8 25. Nxd7 Rxd7 26. Kf2 Red8 27. Qe3 Nb4 28. Rd2 Re7 29. Qc3 Nd5 30. Qc1 Rde8 31. h3 Qe6 32. Rd3 Nb4 33. Rdd1 Qe4 34. Qd2 a5 35. Nc1 Qd5 36. Re5 Qc6 37. Rde1 Rxe5 38. Rxe5 Rd8 39. a3 Nd5 40. Nd3 Nc3 41. Nc5 Qxc5 42. Rxc5 Ne4+ 43. Ke3 Nxd2 44. Kxd2 Rxd4+ 45. Ke3 Rd1 46. Rxb5 a4 47. bxa4 Ra1 48. Rb3 Rc1 49. g4 Rc4 50. gxf5 Rxa4 51. fxg6 hxg6 52. Kf3 Kg7 53. Kg4 Kf6 54. h4 Ra6 55. Rf3 Ra4 56. Re3 Ra6 57. Kf3 Ra4 58. Rb3 Ra6 59. Ke3 Kf5 60. Kf3 Kf6 61. Kf2 Ra4 62. Rf3 Kf5 63. Kg3 Ra5 64. Re3 Kf6 65. Kg4 Ra4 66. h5 gxh5+ 67. Kxh5 Kf5 68. Rb3 Kxf4 69. Kg6 Ke5 70. Kf7 Kd5 71. Ke7 Kc4 72. Rh3 Ra7+ 73. Kd6 Kb5 74. Kd5 Ka4 75. Kc6 Ra8 76. Kb6 Rb8+ 77. Kc5 Rb3 78. Rh1 Rxa3 79. Kc4 0-1

[Event "POL-chT 2nd League"]
[Site "Jastrzebia Gora"]
[Date "2019.09.15"]
[Round "9.22"]
[White "Polak, Sylwia"]
[Black "Binkowska, Agata"]
[Result "1/2-1/2"]
[WhiteElo "1507"]
[BlackElo "1856"]
[PlyCount "120"]
[EventDate "2019.09.07"]
[EventType "team-swiss"]
[EventRounds "9"]
[EventCountry "POL"]
[SourceTitle "EXT 2020"]
[Source "ChessBase"]
[SourceDate "2019.10.17"]
[SourceVersion "1"]
[SourceVersionDate "2019.10.17"]
[SourceQuality "1"]
[WhiteTeam "Rzeszow RzKSz"]
[BlackTeam "Podlesie UKS 21"]
[WhiteTeamCountry "POL"]
[BlackTeamCountry "POL"]

1. d4 d5 2. c4 c6 3. Nc3 Nf6 4. e3 Bf5 5. Nf3 e6 6. Be2 Nbd7 7. Nh4 Bg6 8. Nxg6 hxg6 9. 0-0 Bd6 10. f4 Qe7 11. Bd2 Rh7 12. c5 Bc7 13. b4 Ne4 14. g3 g5 15. Nxe4 dxe4 16. b5 gxf4 17. exf4 Qf6 18. Be3 Qh6 19. Rf2 Ke7 20. bxc6 bxc6 21. Qc2 Nf6 22. Rb1 Nd5 23. Qxe4 f5 24. Qd3 Rah8 25. Bf3 Qg6 26. Bxd5 exd5 27. Bd2 Kf6 28. Qa6 Qe8 29. Re2 Qd7 30. Rb7 Rc8 31. Ba5 g5 32. Qxa7 gxf4 33. Rxc7 Rxc7 34. Qxc7 Qxc7 35. Bxc7 Rxc7 36. gxf4 Rb7 37. Kf2 Rb4 38. Rd2 Kg6 39. Ke3 Ra4 40. Rb2 Kh5 41. Rb6 Ra3+ 42. Kd2 Rxa2+ 43. Kc3 Rxh2 44. Rxc6 Rh3+ 45. Kb4 Rd3 46. Rd6 Rxd4+ 47. Kb5 Rd1 48. c6 Kg4 49. c7 Rb1+ 50. Kc6 Rc1+ 51. Kd7 Rxc7+ 52. Kxc7 Kxf4 53. Rxd5 Ke4 54. Kd6 f4 55. Re5+ Kd4 56. Rf5 Ke3 57. Rf8 f3 58. Re8+ Kd3 59. Kc5 f2 60. Rf8 Ke2 1/2-1/2

[Event "POL-chT 2nd League"]
[Site "Jastrzebia Gora"]
[Date "2019.09.14"]
[Round "8.19"]
[White "Binkowska, Agata"]
[Black "Pluta, Natalia"]
[Result "0-1"]
[WhiteElo "1856"]
[BlackElo "1853"]
[PlyCount "68"]
[EventDate "2019.09.07"]
[EventType "team-swiss"]
[EventRounds "9"]
[EventCountry "POL"]
[SourceTitle "EXT 2020"]
[Source "ChessBase"]
[SourceDate "2019.10.17"]
[SourceVersion "1"]
[SourceVersionDate "2019.10.17"]
[SourceQuality "1"]
[WhiteTeam "Podlesie UKS 21"]
[BlackTeam "Jaworzno"]
[WhiteTeamCountry "POL"]
[BlackTeamCountry "POL"]

1. e4 c5 2. Nf3 Nc6 3. d4 cxd4 4. Nxd4 g6 5. Nc3 Bg7 6. Be3 Nf6 7. f3 0-0 8. Qd2 d5 9. Nxc6 bxc6 10. 0-0-0 Qc7 11. exd5 Nxd5 12. Nxd5 cxd5 13. Qxd5 Rb8 14. b3 Bf5 15. Bc4 Rb4 16. Qc5 Rxc4 17. Qxc4 Qa5 18. Kb1 Rc8 19. Rd5 Rxc4 20. Rxa5 Bxc2+ 21. Kc1 Bxb3+ 22. Kd2 Bc3+ 23. Kd3 Bxa5 24. axb3 Rc3+ 25. Ke2 Rxb3 26. Bxa7 Rb2+ 27. Ke3 Rxg2 28. Bd4 Bd2+ 29. Kd3 Bf4 30. h4 Rh2 31. Ra1 f6 32. Bc5 Rd2+ 33. Ke4 Bd6 34. Bd4 Rxd4+ 0-1

[Event "POL-chT 2nd League"]
[Site "Jastrzebia Gora"]
[Date "2019.09.07"]
[Round "1.16"]
[White "Binkowska, Agata"]
[Black "Fraczek, Weronika"]
[Result "0-1"]
[WhiteElo "1856"]
[BlackElo "1875"]
[PlyCount "60"]
[EventDate "2019.09.07"]
[EventType "team-swiss"]
[EventRounds "9"]
[EventCountry "POL"]
[SourceTitle "EXT 2020"]
[Source "ChessBase"]
[SourceDate "2019.10.17"]
[SourceVersion "1"]
[SourceVersionDate "2019.10.17"]
[SourceQuality "1"]
[WhiteTeam "Podlesie UKS 21"]
[BlackTeam "Lublin LKSz"]
[WhiteTeamCountry "POL"]
[BlackTeamCountry "POL"]

1. e4 e5 2. Nf3 Nc6 3. Bb5 a6 4. Ba4 g6 5. 0-0 Bg7 6. c3 d6 7. d3 Nge7 8. Nbd2 0-0 9. Re1 b5 10. Bc2 h6 11. Nf1 Kh7 12. Ng3 f5 13. exf5 Nxf5 14. a4 Rb8 15. axb5 axb5 16. Be3 Nxe3 17. Rxe3 d5 18. d4 e4 19. Nd2 Qg5 20. Nb3 Ne7 21. Qe2 h5 22. Nc5 Bg4 23. f3 Bh6 24. Re1 Qxe3+ 25. Qxe3 Bxe3+ 26. Rxe3 Ra8 27. h3 Bc8 28. fxe4 Ra1+ 29. Kh2 h4 30. Ne2 Rff1 0-1

[Event "Rubinstein Memorial-C 55th"]
[Site "Polanica Zdroj"]
[Date "2019.08.25"]
[Round "9"]
[White "Binkowska, Agata"]
[Black "Brzozowski, Pawel"]
[Result "1-0"]
[WhiteElo "1896"]
[BlackElo "1496"]
[PlyCount "139"]
[EventDate "2019.08.17"]
[EventType "swiss"]
[EventRounds "9"]
[EventCountry "POL"]
[SourceTitle "EXT 2020"]
[Source "ChessBase"]
[SourceDate "2019.10.17"]
[SourceVersion "1"]
[SourceVersionDate "2019.10.17"]
[SourceQuality "1"]

1. e4 e6 2. d4 d5 3. e5 c5 4. c3 Nc6 5. Nf3 Qb6 6. Bd3 Bd7 7. 0-0 cxd4 8. cxd4 Nxd4 9. Nxd4 Qxd4 10. Qe2 Ne7 11. Kh1 Nc6 12. f4 Bc5 13. a3 a6 14. Nc3 Ba7 15. Bd2 0-0-0 16. b4 Qb6 17. Na4 Qc7 18. Rfc1 Kb8 19. b5 axb5 20. Bxb5 Rc8 21. Rab1 Ka8 22. Qe1 b6 23. Be3 Qb7 24. Bxc6 Rxc6 25. Rxc6 Qxc6 26. Nxb6+ Bxb6 27. Rxb6 Qa4 28. Rb4 Qa6 29. Rb6 Qa4 30. Qe2 Qc4 31. Qb2 Rc8 32. h3 d4 33. Qxd4 Qxd4 34. Bxd4 Rb8 35. Rd6 Rb7 36. Kh2 Kb8 37. Bc5 Bb5 38. Rd8+ Kc7 39. Rg8 Kc6 40. Bb4 f5 41. Rh8 g6 42. Kg3 Kd5 43. Kf3 Rd7 44. Ke3 Kc4 45. Bd6 Bc6 46. g4 Rb7 47. Bb4 Rd7 48. Rc8 Kd5 49. Kf3 Bb7 50. Rc1 Kd4+ 51. Kg3 Bd5 52. Kh4 Ke4 53. Rf1 Bc4 54. Rf2 h6 55. gxf5 Kxf5 56. Bd6 Ra7 57. Kg3 Ra4 58. Rd2 Bd5 59. Bb4 Ra6 60. Bf8 g5 61. fxg5 hxg5 62. Bd6 Ra4 63. Rf2+ Kg6 64. Bb4 Ra8 65. Rf6+ Kh5 66. Bf8 g4 67. h4 Rxa3+ 68. Bxa3 Be4 69. Rxe6 Bc6 70. Bc1 1-0

[Event "POL-chT 2nd League"]
[Site "Jastrzebia Gora"]
[Date "2018.09.03"]
[Round "4.6"]
[White "Sikorska, Agata"]
[Black "Binkowska, Agata"]
[Result "0-1"]
[WhiteElo "2109"]
[BlackElo "1890"]
[PlyCount "162"]
[EventDate "2018.09.01"]
[EventType "team-swiss"]
[EventRounds "9"]
[EventCountry "POL"]
[SourceTitle "CBM 186 Extra"]
[Source "ChessBase"]
[SourceDate "2018.08.24"]
[SourceVersion "1"]
[SourceVersionDate "2018.08.24"]
[SourceQuality "1"]
[WhiteTeam "Czerwionka Leszczyny Skoczek"]
[BlackTeam "Podlesie UKS 21"]
[WhiteTeamCountry "POL"]
[BlackTeamCountry "POL"]

1. d4 d5 2. Nf3 Nf6 3. c4 e6 4. Nc3 c6 5. e3 Bd6 6. Be2 Nbd7 7. 0-0 0-0 8. b3 Ne4 9. Bb2 f5 10. Ne1 Ndf6 11. f4 Nxc3 12. Bxc3 Ne4 13. Bb2 g5 14. g3 g4 15. Nd3 h5 16. Nf2 Nf6 17. Rc1 Qe7 18. Kg2 h4 19. Bd3 Rf7 20. c5 Bc7 21. b4 Bd7 22. a4 a6 23. Qe2 Nh5 24. Nxg4 fxg4 25. Qxg4+ Ng7 26. Qg6 h3+ 27. Kg1 Rf6 28. Qh7+ Kf7 29. g4 Rg8 30. Kh1 Qe8 31. g5 Rf5 32. Qxh3 Rh8 33. Qg2 Kg8 34. Rc2 Rf8 35. Re2 Qh5 36. Ref2 Nf5 37. Bc1 Nh4 38. Qg3 Nf5 39. Qf3 Qh4 40. Rg2 Be8 41. Qf2 Qh3 42. Qf3 Qxf3 43. Rxf3 Nh4 44. Rfg3 Nxg2 45. Kxg2 a5 46. b5 cxb5 47. axb5 Bd8 48. Kg1 Bh5 49. Ba3 Be7 50. b6 Be8 51. Be2 Kf7 52. Bd3 Kg7 53. Be2 Bd7 54. Bg4 Re8 55. e4 Bc8 56. Bf3 Rd8 57. Bb2 Rh4 58. f5 exf5 59. exd5 Kg6 60. d6 Bxd6 61. cxd6 Rxd6 62. Rg2 Rxb6 63. Rc2 Bd7 64. Bc3 a4 65. Kg2 Kxg5 66. Ba5 Rg6 67. Kh1 Rxd4 68. Bxb7 Rd1+ 69. Kg2 f4 70. Kf2 Rh6 71. Rc5+ Bf5 72. Ke2 Rdd6 73. Bc8 Rxh2+ 74. Ke1 Rh1+ 75. Kf2 Rh2+ 76. Kg1 Rc2 77. Rxf5+ Kg6 78. Be1 Rxc8 79. Rxf4 Ra6 80. Rf2 Rc1 81. Kf1 Re6 0-1

[Event "POL-chT 2nd League"]
[Site "Jastrzebia Gora"]
[Date "2018.09.01"]
[Round "1.7"]
[White "Binkowska, Agata"]
[Black "Pacuszka, Wioletta"]
[Result "1-0"]
[WhiteElo "1890"]
[BlackElo "1902"]
[PlyCount "79"]
[EventDate "2018.09.01"]
[EventType "team-swiss"]
[EventRounds "9"]
[EventCountry "POL"]
[SourceTitle "CBM 186 Extra"]
[Source "ChessBase"]
[SourceDate "2018.08.24"]
[SourceVersion "1"]
[SourceVersionDate "2018.08.24"]
[SourceQuality "1"]
[WhiteTeam "Podlesie UKS 21"]
[BlackTeam "Grudziadz Rotmistrz"]
[WhiteTeamCountry "POL"]
[BlackTeamCountry "POL"]

1. e4 c5 2. c4 e5 3. Nc3 Nf6 4. g3 Nc6 5. Bg2 d6 6. d3 Be7 7. Nge2 a6 8. 0-0 0-0 9. h3 h6 10. f4 Rb8 11. Nd5 b5 12. b3 Nd4 13. Nxd4 cxd4 14. Bd2 bxc4 15. Nxf6+ Bxf6 16. dxc4 Re8 17. f5 Bg5 18. h4 Bxd2 19. Qxd2 f6 20. Bf3 Bd7 21. Kf2 Bc6 22. Rg1 Qb6 23. Kf1 Qb4 24. Qd3 a5 25. Bd1 Qb7 26. Bc2 Qb4 27. g4 Qb7 28. a3 Qe7 29. Ke2 Red8 30. Kd2 Rb7 31. Qf3 Rf8 32. Rg2 Qf7 33. a4 Rfb8 34. g5 hxg5 35. hxg5 fxg5 36. Rxg5 Qf6 37. Rg6 Qf7 38. Rh1 Kf8 39. Qg4 Ke8 40. Rh8+ 1-0

[Event "Wroclaw Anderssen Memorial op"]
[Site "Wroclaw"]
[Date "2018.08.05"]
[Round "12"]
[White "Zochowski, Kacper"]
[Black "Binkowska, Agata"]
[Result "1-0"]
[WhiteElo "2269"]
[BlackElo "1897"]
[PlyCount "75"]
[EventDate "2018.08.04"]
[EventType "swiss (rapid)"]
[EventRounds "13"]
[EventCountry "POL"]
[SourceTitle "CBM 185 Extra"]
[Source "ChessBase"]
[SourceDate "2018.07.29"]
[SourceVersion "1"]
[SourceVersionDate "2018.07.29"]
[SourceQuality "1"]

1. Nf3 Nf6 2. c4 c5 3. g3 g6 4. Bg2 Bg7 5. Nc3 d6 6. d4 0-0 7. 0-0 e6 8. Re1 Nc6 9. d5 Ne7 10. a3 exd5 11. cxd5 Bd7 12. e4 Nh5 13. e5 dxe5 14. Nxe5 Nc8 15. Nxd7 Qxd7 16. Ne4 b6 17. Bf3 Nf6 18. Nxf6+ Bxf6 19. d6 Rb8 20. Bf4 Bg7 21. Bg4 f5 22. Bf3 Kh8 23. Qd2 b5 24. Rad1 Rb6 25. Bd5 g5 26. Be6 Qd8 27. d7 Rxe6 28. Rxe6 gxf4 29. Re8 Rxe8 30. dxe8R+ Qxe8 31. Qd8 Qf8 32. Qxf8+ Bxf8 33. Rd8 Kg7 34. Rxc8 fxg3 35. hxg3 a5 36. b3 b4 37. a4 c4 38. Rxc4 1-0

[Event "POL-chT Academic"]
[Site "Katowice"]
[Date "2018.02.03"]
[Round "2.11"]
[White "Jaskolka, Tomasz"]
[Black "Binkowska, Agata"]
[Result "1-0"]
[WhiteElo "2047"]
[BlackElo "1866"]
[PlyCount "99"]
[EventDate "2018.02.03"]
[EventType "team-swiss (rapid)"]
[EventRounds "9"]
[EventCountry "POL"]
[SourceTitle "CBM 182 Extra"]
[Source "ChessBase"]
[SourceDate "2018.02.23"]
[SourceVersion "1"]
[SourceVersionDate "2018.02.23"]
[SourceQuality "1"]
[WhiteTeam "Krakow UJ"]
[BlackTeam "Katowice US"]
[WhiteTeamCountry "POL"]
[BlackTeamCountry "POL"]

1. e4 c5 2. Nf3 e6 3. d3 Nc6 4. Nbd2 g6 5. g3 Bg7 6. Bg2 Nge7 7. c3 0-0 8. Qe2 d6 9. 0-0 b6 10. Rd1 Qc7 11. Nf1 Bb7 12. Be3 d5 13. exd5 Nxd5 14. d4 Nxe3 15. fxe3 Ne7 16. e4 Rad8 17. Rac1 c4 18. N3d2 b5 19. Ne3 Nc8 20. Rf1 f5 21. exf5 exf5 22. Bxb7 Qxb7 23. Qf3 Qxf3 24. Nxf3 Nd6 25. a4 Rfe8 26. Rfe1 a6 27. axb5 axb5 28. Ra1 Ra8 29. Nc2 Rxe1+ 30. Rxe1 Ne4 31. Nb4 Bf8 32. Nd5 Ra2 33. Re2 Bd6 34. Kf1 Bxg3 35. hxg3 Nxg3+ 36. Kf2 Nxe2 37. Kxe2 Rxb2+ 38. Ke3 h5 39. Nb4 Kf7 40. d5 Rb1 41. Kd4 Ke7 42. Kc5 Rc1 43. d6+ Kd8 44. Ne5 Rd1 45. Nd5 h4 46. Kc6 h3 47. d7 Rxd5 48. Kxd5 h2 49. Kd6 h1Q 50. Nf7# 1-0